[Event "SLO-chT2 West"]
[Site "Kranj"]
[Date "2008.10.18"]
[Round "6.6"]
[White "Hrovat, Miha"]
[Black "Maier, Andraz"]
[Result "1-0"]
[WhiteElo "1500"]
[BlackElo "1500"]
[PlyCount "57"]
[EventDate "2008.10.11"]
[EventType "team-swiss"]
[EventRounds "9"]
[EventCountry "SLO"]
[SourceTitle "EXT 2010"]
[Source "ChessBase"]
[SourceDate "2010.11.25"]
[SourceVersion "1"]
[SourceVersionDate "2010.11.25"]
[SourceQuality "1"]
[WhiteTeam "Komenda Popotnik"]
[BlackTeam "Gorenjka Lesce"]
[WhiteTeamCountry "SLO"]
[BlackTeamCountry "SLO"]

1. e4 e5 2. Nf3 Nc6 3. Bc4 Nf6 4. d3 Bb4+ 5. Bd2 Bxd2+ 6. Qxd2 0-0 7. 0-0 d6 8. h3 Bd7 9. Nc3 Re8 10. Ng5 h6 11. Bxf7+ Kf8 12. Bxe8 Bxe8 13. Ne6+ Ke7 14. Nxd8 Kxd8 15. Nd5 Nxd5 16. exd5 Nd4 17. f4 exf4 18. Rxf4 Ba4 19. Rxd4 c5 20. Rxa4 b5 21. Qa5+ Kd7 22. Qxb5+ Ke7 23. Re1+ Kf7 24. Qd7+ Kg6 25. Qe6+ Kh7 26. Qf5+ g6 27. Re7+ Kg8 28. Qxg6+ Kf8 29. Qf7# 1-0

[Event "SLO-chT2 West"]
[Site "Kranj"]
[Date "2008.10.17"]
[Round "5.6"]
[White "Maier, Andraz"]
[Black "Renko, Joze"]
[Result "0-1"]
[WhiteElo "1500"]
[BlackElo "1553"]
[PlyCount "62"]
[EventDate "2008.10.11"]
[EventType "team-swiss"]
[EventRounds "9"]
[EventCountry "SLO"]
[SourceTitle "EXT 2010"]
[Source "ChessBase"]
[SourceDate "2010.11.25"]
[SourceVersion "1"]
[SourceVersionDate "2010.11.25"]
[SourceQuality "1"]
[WhiteTeam "Gorenjka Lesce"]
[BlackTeam "Stari Mayr Sencur"]
[WhiteTeamCountry "SLO"]
[BlackTeamCountry "SLO"]

1. e4 b6 2. d4 Bb7 3. Nc3 e6 4. Nf3 h6 5. Bc4 Bb4 6. Bd3 Nf6 7. Qe2 c5 8. 0-0 Bxc3 9. bxc3 c4 10. Bxc4 Nxe4 11. Bd2 Qc8 12. Bd3 Nxc3 13. Qe3 Nd5 14. Qe2 Nc6 15. Rac1 Qd8 16. g3 Rc8 17. Ne5 Nxd4 18. Qd1 Qf6 19. Re1 d6 20. f4 dxe5 21. fxe5 Qe7 22. a3 Nc3 23. Qg4 Nf3+ 24. Kf2 Nxd2 25. Rcd1 Nde4+ 26. Ke3 Qc5+ 27. Kf4 Qf2+ 28. Qf3 g5+ 29. Kg4 h5+ 30. Kh3 g4+ 31. Kh4 Qxh2# 0-1

[Event "SLO-chT2 West"]
[Site "Kranj"]
[Date "2008.10.12"]
[Round "4.6"]
[White "Bratkovic, Jakob"]
[Black "Maier, Andraz"]
[Result "1-0"]
[WhiteElo "1516"]
[BlackElo "1500"]
[PlyCount "53"]
[EventDate "2008.10.11"]
[EventType "team-swiss"]
[EventRounds "9"]
[EventCountry "SLO"]
[SourceTitle "EXT 2010"]
[Source "ChessBase"]
[SourceDate "2010.11.25"]
[SourceVersion "1"]
[SourceVersionDate "2010.11.25"]
[SourceQuality "1"]
[WhiteTeam "Komenda Pogi"]
[BlackTeam "Gorenjka Lesce"]
[WhiteTeamCountry "SLO"]
[BlackTeamCountry "SLO"]

1. e4 e5 2. Nf3 d6 3. h3 Be7 4. Bc4 Be6 5. Bb3 Nf6 6. Nc3 Nc6 7. d3 Nd4 8. Nxd4 exd4 9. Ne2 c5 10. c3 dxc3 11. Nxc3 0-0 12. 0-0 Bxb3 13. axb3 d5 14. Re1 Rc8 15. Nxd5 Nxd5 16. exd5 Re8 17. Rxa7 Rb8 18. Bf4 Bd6 19. Rxe8+ Qxe8 20. Bxd6 Rd8 21. Bxc5 Rxd5 22. Be3 Rb5 23. Qa1 Rd5 24. Bb6 Rd6 25. Ra8 Qf8 26. Bc5 Rc6 27. Rxf8# 1-0

[Event "SLO-chT2 West"]
[Site "Kranj"]
[Date "2008.10.11"]
[Round "2.6"]
[White "Varga, Ivan"]
[Black "Maier, Andraz"]
[Result "1-0"]
[WhiteElo "1500"]
[BlackElo "1500"]
[PlyCount "45"]
[EventDate "2008.10.11"]
[EventType "team-swiss"]
[EventRounds "9"]
[EventCountry "SLO"]
[SourceTitle "EXT 2010"]
[Source "ChessBase"]
[SourceDate "2010.11.25"]
[SourceVersion "1"]
[SourceVersionDate "2010.11.25"]
[SourceQuality "1"]
[WhiteTeam "Trzin"]
[BlackTeam "Gorenjka Lesce"]
[WhiteTeamCountry "SLO"]
[BlackTeamCountry "SLO"]

1. e4 e5 2. Nf3 Nc6 3. Bc4 d6 4. d4 exd4 5. Ng5 h6 6. Nxf7 Ke7 7. Nxd8 Nxd8 8. Qh5 Nf6 9. Qe2 Bg4 10. f3 Be6 11. e5 Nd7 12. exd6+ cxd6 13. 0-0 Nb6 14. Bb3 Rc8 15. Re1 Rc7 16. Bxe6 d5 17. Bf4 Rc6 18. Bxd5+ Re6 19. Bxe6 Nxe6 20. Qxe6+ Kd8 21. Rd1 Nd7 22. Rxd4 Bc5 23. Qxd7# 1-0